000 00788nam a22002657a 4500
008 130507b xxu||||| |||| 00| 0 eng d
020 _a0-19-926178-4
024 _cAvailable
037 _cAvailable
040 _aMBSTU LIBRARY
_dMBSTU LIBRARY
082 _222
_a333.794 REN
110 _a Godfrey Boyle
245 _aRenewable Energy:power for a sustainable future.
250 _a2nd
260 _aNew York.
_bOxford University Press.
_c2004
300 _a26 cm.
_b452 page
_f1
_g26 cm.
600 _aRenewable energy resources.
650 _2Renewable energy resources.
700 _aMontgomery , Carla W.
710 _a Godfrey Boyle
270 _aNew York.
_bNew York.
_dUSA
365 _b3079.00
_d3079.00
942 _2ddc
_cBK
999 _c322
_d322